000 00423nam a2200121 4500
999 _c13274
_d13274
008 190221b ||||| |||| 00| 0 eng d
082 _aDPer 050 T48 Apr-June 2016 v. 187, n. 12-24.
245 _aThe united states of insolvency/
260 _aHong Kong:
_bTime Asia,
_cc2016.
300 _av187 n15, pages 30-35:
_billustrations;
_c27 cm.
650 _aEconomic conditions
_937088
_zUnited States of America.
942 _2ddc
_cPER